000
00235nam a2200109Ia 4500
008
190912s9999||||xx |||||||||||||| ||und||
100
_a
Harper,W.M.
245
0
_a
Statistics
260
_a
USA
_b
Dorling
_c
1995
300
_a
501
942
_c
BK
999
_c
7078
_d
7078